00648nam a2200205Ia 4500003000400000005001700004008004100021020001500062040000600077041001200083082001900095100002700114245006800141260002700209300001300236650003400249942001200283999001900295952012800314OSt20250115114942.0231217s9999 xx 000 0 und d a8170004853 c0 aEnglish a410.285 NAR;3 aNarayana Murthy, Kavi. 0aNatural language processing : an information access perspective c2005bSRELSaBangalore axiv, 371 aprocessing,information,access cAA2ddc c197632d197632 r2024-01-26 00:00:00l0o410.285 NAR;3p91042w2024-01-26yAA1040708CL00aMLbMLcCLd2017-01-18EDONATEDGRSF1V0W0